000
00309nam a2200121Ia 4500
008
190722s9999 xx 000 0 und d
020
_a
978-0-333-42791-0
100
_a
David S.Moore
245
4
_a
The Basic Practice of Statistics
260
_a
U.S.A
_b
Palgrave Macmillan
_c
2015
300
_a
628
942
_c
BK
999
_c
1038
_d
1038